| 000 | 00913nam a22002297a 4500 | ||
|---|---|---|---|
| 003 | 0 | ||
| 005 | 20251114082225.0 | ||
| 008 | 251114b xxu||||| |||| 00| 0 eng d | ||
| 020 | _aBlade, Adam, $e author. | ||
| 050 |
_aPZ 7 _b.B61474 Ras 2011 |
||
| 100 |
_aBlade, Adam, _eauthor. |
||
| 245 |
_aRashoul the cave troll / _cAdam Blade ; illustrated by Ezra Tucker. |
||
| 260 |
_aNew York : _bScholastic Inc., _c2011. |
||
| 300 |
_a78 pages : _billustrations ; _c20 cm. |
||
| 490 |
_aBeast Quest ; _vbook 21 |
||
| 520 | _aTom must face Rashouk the Cave Troll, a terrifying beast who lurks in the darkness and strikes fear into the people of Avantia. To save the land from destruction, Tom must confront Rashouk and stop Malvel’s evil plot. | ||
| 650 | _aFantasy fiction. | ||
| 650 |
_aMonsters _vJuvenile fiction. |
||
| 700 |
_aTucker, Ezra, _eillustrator. |
||
| 830 |
_aBeast Quest ; _s21. |
||
| 942 |
_2lcc _cBK |
||
| 999 |
_c368633 _d368633 |
||